Human rights in Arab thought : (Record no. 24467)
[ view plain ]
| 000 -LEADER | |
|---|---|
| fixed length control field | 01252cam a22003495a 4500 |
| 001 - CONTROL NUMBER | |
| control field | ocm57355017 |
| 003 - CONTROL NUMBER IDENTIFIER | |
| control field | OSt |
| 005 - DATE AND TIME OF LATEST TRANSACTION | |
| control field | 20170319112027.0 |
| 008 - FIXED-LENGTH DATA ELEMENTS--GENERAL INFORMATION | |
| fixed length control field | 041214t20112009enk frb 001 0 eng d |
| 015 ## - NATIONAL BIBLIOGRAPHY NUMBER | |
| National bibliography number | GBA491835 |
| Source | bnb |
| 016 7# - NATIONAL BIBLIOGRAPHIC AGENCY CONTROL NUMBER | |
| Record control number | 013070132 |
| Source | Uk |
| 020 ## - INTERNATIONAL STANDARD BOOK NUMBER | |
| International Standard Book Number | 1850437076 (hbk.) |
| 020 ## - INTERNATIONAL STANDARD BOOK NUMBER | |
| International Standard Book Number | 9781850437079 (hbk.) |
| 035 ## - SYSTEM CONTROL NUMBER | |
| System control number | (OCoLC)ocm57355017 |
| Canceled/invalid control number | (OCoLC)ocn149279350 |
| 040 ## - CATALOGING SOURCE | |
| Original cataloging agency | UKM |
| Language of cataloging | eng |
| Transcribing agency | UKM |
| Modifying agency | OCLCQ |
| -- | BAKER |
| -- | BTCTA |
| -- | BWKUK |
| -- | YDXCP |
| -- | BWK |
| -- | NLGGC |
| -- | BWX |
| -- | EG-ScBUE |
| 043 ## - GEOGRAPHIC AREA CODE | |
| Geographic area code | ma----- |
| 082 04 - DEWEY DECIMAL CLASSIFICATION NUMBER | |
| Classification number | 323.09174927 |
| Item number | HUM |
| Edition number | 22 |
| 245 00 - TITLE STATEMENT | |
| Title | Human rights in Arab thought : |
| Remainder of title | a reader / |
| Statement of responsibility, etc | edited by Salma J. Jayyusi. |
| 260 ## - PUBLICATION, DISTRIBUTION, ETC. (IMPRINT) | |
| Place of publication, distribution, etc | London ; |
| -- | New York : |
| Name of publisher, distributor, etc | I. B. Tauris ; |
| Place of publication, distribution, etc | New York : |
| Name of publisher, distributor, etc | Distributed in the USA by Palgrave Macmillan, |
| Date of publication, distribution, etc | 2011. |
| 300 ## - PHYSICAL DESCRIPTION | |
| Extent | xvii, 670 p. ; |
| Dimensions | 25 cm. |
| 490 0# - Series Statement | |
| Series statement | LMMES ; |
| Volume/sequential designation | 44 |
| 500 ## - GENERAL NOTE | |
| General note | Includes index. |
| 500 ## - GENERAL NOTE | |
| General note | Reprint of the 2009 ed.<br/> |
| 504 ## - BIBLIOGRAPHY, ETC. NOTE | |
| Bibliography, etc | Bibliography : p. [573]-654. |
| 650 #7 - SUBJECT ADDED ENTRY--TOPICAL TERM | |
| Topical term or geographic name as entry element | Human rights |
| General subdivision | Philosophy. |
| Source of heading or term | BUEsh |
| 9 (RLIN) | 39866 |
| 650 #7 - SUBJECT ADDED ENTRY--TOPICAL TERM | |
| Topical term or geographic name as entry element | Human rights |
| Geographic subdivision | Arab countries |
| General subdivision | Philosophy. |
| Source of heading or term | BUEsh |
| 650 #7 - SUBJECT ADDED ENTRY--TOPICAL TERM | |
| Topical term or geographic name as entry element | Human rights |
| General subdivision | Religious aspects |
| -- | Islam. |
| Source of heading or term | BUEsh |
| 650 #7 - SUBJECT ADDED ENTRY--TOPICAL TERM | |
| Topical term or geographic name as entry element | Philosophy, Arab. |
| Source of heading or term | BUEsh |
| 9 (RLIN) | 32977 |
| 653 ## - INDEX TERM--UNCONTROLLED | |
| Resource For college | BAEPS, Political Science |
| Arrived date list | March2017 |
| 700 1# - ADDED ENTRY--PERSONAL NAME | |
| Personal name | Jayyusi, Salma Khadra, |
| Relator term | editor. |
| 9 (RLIN) | 4980 |
| 942 ## - ADDED ENTRY ELEMENTS (KOHA) | |
| Source of classification or shelving scheme | Dewey Decimal Classification |
| Withdrawn status | Item status | Source of classification or shelving scheme | Damaged status | Not for loan | Vendor | Home library | Current library | Shelving location | Date acquired | Source of acquisition | Cost, normal purchase price | Serial Enumeration / chronology | Total Checkouts | Full call number | Barcode | Date last seen | Cost, replacement price | Koha item type |
|---|---|---|---|---|---|---|---|---|---|---|---|---|---|---|---|---|---|---|
| Dewey Decimal Classification | AUC | Central Library | Central Library | First floor | 19/03/2017 | Purchase | 120.00 | 1700 | 323.09174927 HUM | 000041404 | 15/07/2025 | 150.00 | Book - Borrowing |